000
00297nam a22001337a 4500
008
170925b xxu||||| |||| 00| 0 eng d
020
_a
9781111840785
041
_a
eng
080
_2
14TH
_a
37
100
_a
46
101
_a
EDU
245
_a
BECOMING A MASTER STUDENT
_c
ELLIS,D
942
_2
udc
_c
BK
999
_c
29669
_d
29669